Statistics for Harry Potter Advanced

Click here to take the quiz!

General Stats

  • This quiz has been taken 134 times
  • The average score is 17 of 27

Answer Stats

HintAnswer% Correct
Neville's Family First NamesDadFrank
84%
Neville's Family First NamesMumAlice
82%
Non-humanNeville's pet toadTrevor
82%
Hogwarts ProfessorsGhost ProfessorCuthbert Binns
78%
Supporting charactersFleur's sisterGabrielle
77%
Minister for Magic1990-1996Cornelius Fudge
76%
Hogwarts ProfessorsDeath-Eater professor (brother)Amycus Carrow
70%
Supporting charactersKnight Bus DriverErnie Prang
69%
Hogwarts ProfessorsDeath-Eater professor (sister)Alecto Carrow
68%
Supporting charactersThe Three Broomsticks bartenderMadam Rosmerta
68%
Neville's Family First NamesGrandmotherAugusta
67%
Supporting charactersHead of the Department of Magical Games and SportsLudo Bagman
67%
Supporting charactersHarry and Ginny's daughterLily Luna Potter
64%
Minister for Magic1996-1997Rufus Scrimgeour
64%
Supporting charactersSnape's MotherEileen Prince
62%
Ministry employees impersonated in the last bookBy RonReginald Cattermole
62%
Non-humanHepzibah Smith's house elfHokey
60%
Ministry employees impersonated in the last bookBy HarryAlbert Runcorn
59%
Hogwarts ProfessorsAstronomy teacherAurora Sinistra
58%
Non-humanMarge's favourite bulldogRipper
57%
Ministry employees impersonated in the last bookBy HermioneMafalda Hopkirk
54%
Minister for Magic1998-presentKingsley Shacklebolt
52%
Minister for Magic1997-1998Pius Thicknesse
52%
Hogwarts ProfessorsCare of Magical Creatures before HagridSilvanus Kettleburn
48%
Non-humanHagrid's giantess motherFridwulfa
33%
Supporting charactersFat Lady's best friendViolet
32%
Supporting charactersShop Assistant at Weasley's Wizard WheezesVerity
13%

Score Distribution

Percentile by Number Answered

Percent of People with Each Score

Your Score History

You have not taken this quiz